| 000 | 00573nam a2200193 i 4500 | ||
|---|---|---|---|
| 001 | 47766 | ||
| 003 | ES-MaACL | ||
| 005 | 20230906161627.0 | ||
| 007 | t| | ||
| 008 | 030522s1910 it ||||1| ita d | ||
| 100 | 1 |
_aBiasoli, U. _928761 |
|
| 245 | 1 | 0 |
_aPiccola storia del popolo argentino / _cU. Biasioli. |
| 260 |
_aMilano : _bAntonio Vallardi, _c1910. |
||
| 300 |
_a149 p. : _bil. ; _c19 cm. |
||
| 490 | 1 |
_aBiblioteca popolare di cultura ; _v2 |
|
| 830 | 0 |
_aBiblioteca popolare di cultura ; _v2 _9230043 |
|
| 852 |
_aES-MaACL _jT-1206-F-12 |
||
| 999 |
_c47766 _d47766 |
||